[Event "PER-ch"]
[Site "Lima"]
[Date "2017.03.05"]
[Round "9"]
[White "Robledo, Manuel"]
[Black "Bernedo Ludena, Roque"]
[Result "1-0"]
[WhiteElo "2173"]
[BlackElo "1569"]
[PlyCount "39"]
[EventDate "2017.03.01"]
[EventType "swiss"]
[EventRounds "9"]
[EventCountry "PER"]
[SourceTitle "CBM 177 Extra"]
[Source "ChessBase"]
[SourceDate "2017.04.27"]
[SourceVersion "1"]
[SourceVersionDate "2017.04.27"]
[SourceQuality "1"]

1. d4 Nf6 2. Nf3 e6 3. e3 d5 4. c4 c6 5. b3 Be7 6. Bd3 0-0 7. 0-0 a6 8. Bb2 Nbd7 9. Nbd2 Re8 10. Ne5 Bf8 11. f4 g6 12. Ndf3 Bg7 13. Ng5 Rf8 14. Qf3 Qc7 15. Qh3 Qd6 16. Ng4 Nh5 17. Nxh7 f5 18. Nxf8 fxg4 19. Qxg4 Nhf6 20. Qxe6+ 1-0

[Event "PER-ch"]
[Site "Lima"]
[Date "2017.03.01"]
[Round "1"]
[White "Robledo, Manuel"]
[Black "Salazar Sanchez, Josue"]
[Result "1-0"]
[WhiteElo "2173"]
[BlackElo "1555"]
[PlyCount "77"]
[EventDate "2017.03.01"]
[EventType "swiss"]
[EventRounds "9"]
[EventCountry "PER"]
[SourceTitle "CBM 177 Extra"]
[Source "ChessBase"]
[SourceDate "2017.04.27"]
[SourceVersion "1"]
[SourceVersionDate "2017.04.27"]
[SourceQuality "1"]

1. d4 d5 2. c4 e6 3. Nc3 Nf6 4. cxd5 exd5 5. Bg5 c6 6. e3 h6 7. Bh4 Bf5 8. Qf3 Qd7 9. Bxf6 gxf6 10. h3 h5 11. Nge2 Bd6 12. Nf4 h4 13. Nh5 Ke7 14. 0-0-0 Rg8 15. Bd3 Rg5 16. e4 dxe4 17. Nxe4 Rxh5 18. Qxh5 Bf4+ 19. Kb1 Qd5 20. Rhe1 Be6 21. Qxd5 cxd5 22. Nc5 Nc6 23. Bf5 Nxd4 24. Rxd4 Be5 25. Nxe6 fxe6 26. Rxh4 exf5 27. f4 Rg8 28. fxe5 Rxg2 29. e6 Rg7 30. Rd4 Kd6 31. e7 Rxe7 32. Rxe7 Kxe7 33. Rxd5 Ke6 34. Rb5 b6 35. Kc2 f4 36. Kd3 f5 37. Ke2 Kf6 38. h4 Kg6 39. Kf3 1-0

[Event "Piura op 7th"]
[Site "Piura"]
[Date "2013.09.21"]
[Round "3"]
[White "Robledo, Manuel"]
[Black "Saavedra, Moises"]
[Result "1-0"]
[WhiteElo "2222"]
[BlackElo "2098"]
[PlyCount "88"]
[EventDate "2013.09.20"]
[EventType "swiss"]
[EventRounds "7"]
[EventCountry "PER"]
[SourceTitle "CBM 156 Extra"]
[Source "ChessBase"]
[SourceDate "2013.10.22"]
[SourceVersion "1"]
[SourceVersionDate "2013.10.22"]
[SourceQuality "1"]

1. d4 Nf6 2. Bg5 Ne4 3. Bh4 c5 4. f3 Qa5+ 5. c3 g5 6. fxe4 gxh4 7. d5 Bh6 8. Na3 Qb6 9. Qc2 Qf6 10. Nb5 Na6 11. d6 0-0 12. Nf3 e5 13. e3 Bxe3 14. Bc4 h3 15. Qe2 hxg2 16. Qxg2+ Kh8 17. Ke2 Bh6 18. Qg3 Bf4 19. Qh4 Qg6 20. Bd5 Qg2+ 21. Qf2 Qxf2+ 22. Kxf2 c4 23. Bxc4 Nc5 24. Bd5 Rb8 25. b4 Ne6 26. a4 a6 27. Nc7 b6 28. Rad1 Bb7 29. Bxb7 Rxb7 30. Nd5 a5 31. Nxf4 exf4 32. Rhg1 axb4 33. cxb4 Ra7 34. Ra1 f5 35. e5 Rc8 36. Ra2 Rc4 37. Ng5 Nd8 38. Ra3 Rc2+ 39. Kf3 h6 40. Nh3 Nf7 41. Kxf4 Re2 42. Kxf5 Ra8 43. Nf4 Rf2 44. Rg4 Rf8 1-0

[Event "Arequipa GP Peru Sur"]
[Site "Arequipa"]
[Date "2013.06.28"]
[Round "3"]
[White "Robledo, Manuel"]
[Black "Felix Vega, Aurora Edith"]
[Result "0-1"]
[WhiteElo "2257"]
[BlackElo "2016"]
[PlyCount "69"]
[EventDate "2013.06.27"]
[EventType "swiss"]
[EventRounds "8"]
[EventCountry "PER"]
[SourceTitle "EXT 2018"]
[Source "ChessBase"]
[SourceDate "2017.10.13"]
[SourceVersion "1"]
[SourceVersionDate "2017.10.13"]
[SourceQuality "1"]

1. d4 d6 2. c4 g6 3. Nf3 Bg7 4. Nc3 Nd7 5. e4 c5 6. d5 Ngf6 7. h3 0-0 8. Be3 a6 9. a4 Qa5 10. Nd2 Nb6 11. e5 Nfd7 12. Nb3 Qb4 13. a5 Bxe5 14. axb6 Nxb6 15. Bd2 Nxc4 16. Bxc4 Qxc4 17. Na5 Qh4 18. 0-0 Bxh3 19. Ne2 Bg4 20. g3 Qh5 21. f3 Bxf3 22. Rxf3 Qxf3 23. Qf1 Qxd5 24. Bh6 Rfc8 25. Nf4 Bxf4 26. Bxf4 c4 27. Qf2 Rc5 28. Bd2 b6 29. Re1 Rcc8 30. Bh6 f5 31. Nb7 Qxb7 32. Qd4 e5 33. Qxd6 Qc6 34. Qd2 c3 35. bxc3 0-1

[Event "Roberto Morales Memorial 1st"]
[Site "Lima"]
[Date "2013.02.15"]
[Round "8"]
[White "Cori Tello, Deysi Estella"]
[Black "Robledo, Manuel"]
[Result "1-0"]
[WhiteElo "2423"]
[BlackElo "2240"]
[PlyCount "58"]
[EventDate "2013.02.11"]
[EventType "tourn"]
[EventRounds "10"]
[EventCountry "PER"]
[EventCategory "6"]
[SourceTitle "EXT 2014"]
[Source "ChessBase"]
[SourceDate "2013.11.20"]
[SourceVersion "1"]
[SourceVersionDate "2013.11.20"]
[SourceQuality "1"]

1. d4 Nf6 2. c4 g6 3. Nc3 Bg7 4. Nf3 0-0 5. g3 d6 6. Bg2 Nbd7 7. 0-0 c6 8. Re1 e5 9. e4 Re8 10. b3 a5 11. Ba3 exd4 12. Nxd4 Nc5 13. h3 Qb6 14. Qd2 Ncxe4 15. Bxe4 Bxh3 16. Bg2 Bxg2 17. Kxg2 Ng4 18. Rxe8+ Rxe8 19. Rd1 Bh6 20. Qd3 Be3 21. Ne4 Bxf2 22. Nxf2 Ne3+ 23. Kh2 Nxd1 24. Qxd1 d5 25. Ng4 Rd8 26. c5 Qc7 27. Qe2 h5 28. Nf6+ Kf8 29. Bc1 Kg7 1-0

[Event "Roberto Morales Memorial 1st"]
[Site "Lima"]
[Date "2013.02.15"]
[Round "7"]
[White "Robledo, Manuel"]
[Black "Vasquez Schroder, Rodrigo Rafael"]
[Result "0-1"]
[WhiteElo "2240"]
[BlackElo "2543"]
[PlyCount "80"]
[EventDate "2013.02.11"]
[EventType "tourn"]
[EventRounds "10"]
[EventCountry "PER"]
[EventCategory "6"]
[SourceTitle "EXT 2014"]
[Source "ChessBase"]
[SourceDate "2013.11.20"]
[SourceVersion "1"]
[SourceVersionDate "2013.11.20"]
[SourceQuality "1"]

1. d4 d5 2. c4 c6 3. Nf3 Nf6 4. Nbd2 Bf5 5. g3 h6 6. Bg2 e6 7. 0-0 Nbd7 8. b3 Bd6 9. Bb2 Qb8 10. Re1 Bh7 11. Nh4 Be7 12. Nhf3 0-0 13. Ne5 Rd8 14. Nxd7 Rxd7 15. Rc1 a5 16. a3 Qf8 17. c5 Qb8 18. a4 b6 19. Ba3 Rb7 20. Rc3 Nd7 21. e4 Bf8 22. exd5 exd5 23. Bh3 Nf6 24. f3 Qd8 25. Ree3 Nd7 26. Bxd7 Qxd7 27. Qc1 b5 28. axb5 Rxb5 29. Re1 g5 30. Rce3 Rab8 31. g4 Bg6 32. Kg2 Kh7 33. Qd1 Bg7 34. Bb2 a4 35. b4 Rxb4 36. Bc3 Bxd4 37. Re7 Qxe7 38. Rxe7 Bxc3 39. Kh3 Rd4 40. Re2 Rb2 0-1

[Event "Roberto Morales Memorial 1st"]
[Site "Lima"]
[Date "2013.02.14"]
[Round "1"]
[White "Robledo, Manuel"]
[Black "Fernandez, Fernando"]
[Result "0-1"]
[WhiteElo "2240"]
[BlackElo "2302"]
[PlyCount "80"]
[EventDate "2013.02.11"]
[EventType "tourn"]
[EventRounds "10"]
[EventCountry "PER"]
[EventCategory "6"]
[SourceTitle "EXT 2014"]
[Source "ChessBase"]
[SourceDate "2013.11.20"]
[SourceVersion "1"]
[SourceVersionDate "2013.11.20"]
[SourceQuality "1"]

1. d4 Nf6 2. c4 e6 3. Nc3 Bb4 4. Bg5 h6 5. Bh4 c5 6. d5 d6 7. e3 Bxc3+ 8. bxc3 e5 9. Nf3 Nbd7 10. Nd2 Qe7 11. Be2 Nf8 12. 0-0 g5 13. Bg3 Ng6 14. f3 Bf5 15. e4 Bd7 16. Rb1 b6 17. Re1 h5 18. a4 g4 19. Bf2 gxf3 20. Bxf3 Ng4 21. Bxg4 Bxg4 22. Nf3 Nf4 23. h3 Bxf3 24. Qxf3 Rg8 25. Kh1 Qd7 26. Be3 Ng6 27. Rf1 Rg7 28. Qf6 Rh7 29. a5 Rb8 30. Bg5 Qe7 31. Qf5 Qd7 32. Qf6 Qe7 33. Qf5 Qd7 34. axb6 axb6 35. Qf6 Qe7 36. Ra1 h4 37. Qf5 Qc7 38. Ra6 Qd7 39. Qxd7+ Kxd7 40. Ra7+ Ke8 0-1

[Event "Piura op"]
[Site "Piura"]
[Date "2013.??.??"]
[Round "1"]
[White "Meza Rubio, Caroline"]
[Black "Robledo, Manuel"]
[Result "0-1"]
[WhiteElo "1599"]
[BlackElo "2246"]
[PlyCount "88"]
[EventDate "2013.08.12"]
[EventType "swiss"]
[EventRounds "8"]
[EventCountry "PER"]
[SourceTitle "CBM 155 Extra"]
[Source "ChessBase"]
[SourceDate "2013.08.26"]
[SourceVersion "1"]
[SourceVersionDate "2013.08.26"]
[SourceQuality "1"]

1. d4 Nf6 2. c4 g6 3. Nc3 Bg7 4. e4 d6 5. Nf3 0-0 6. Be2 e5 7. 0-0 Nc6 8. d5 Ne7 9. Ne1 Nd7 10. Nd3 f5 11. f3 f4 12. Bd2 h5 13. h3 g5 14. Be1 Ng6 15. b4 Rf7 16. c5 Bf8 17. c6 bxc6 18. dxc6 Nf6 19. Nd5 Nxd5 20. exd5 Ne7 21. Nb2 Bh6 22. Bf2 Rg7 23. Nc4 Kh8 24. Rb1 Qg8 25. Na5 Nxd5 26. Bc4 Be6 27. Qb3 g4 28. fxg4 hxg4 29. h4 g3 30. Be1 Qd8 31. Bxg3 Rxg3 32. Rf3 Qxh4 33. Bxd5 Rxg2+ 34. Kxg2 Rg8+ 35. Kf1 Bxd5 36. Qxd5 Qh1+ 37. Ke2 Rg2+ 38. Kd3 Qxb1+ 39. Kc4 Rc2+ 40. Kb5 Rc5+ 41. Qxc5 dxc5 42. Kxc5 Bf8+ 43. Kd5 Qd1+ 44. Ke4 Qxf3+ 0-1

[Event "Piura op"]
[Site "Piura"]
[Date "2013.??.??"]
[Round "5"]
[White "Puppi Lazo, Jorge Luis"]
[Black "Robledo, Manuel"]
[Result "1/2-1/2"]
[WhiteElo "1948"]
[BlackElo "2246"]
[PlyCount "83"]
[EventDate "2013.08.12"]
[EventType "swiss"]
[EventRounds "8"]
[EventCountry "PER"]
[SourceTitle "CBM 155 Extra"]
[Source "ChessBase"]
[SourceDate "2013.08.26"]
[SourceVersion "1"]
[SourceVersionDate "2013.08.26"]
[SourceQuality "1"]

1. e4 c5 2. Nf3 d6 3. d4 cxd4 4. Nxd4 Nf6 5. Nc3 a6 6. Be2 e6 7. Be3 Be7 8. 0-0 Nc6 9. f4 0-0 10. Kh1 Qc7 11. Qe1 Nxd4 12. Bxd4 b5 13. Qg3 Bb7 14. Bf3 Rac8 15. a3 Bc6 16. e5 Ne8 17. Ne4 Bxe4 18. Bxe4 d5 19. Bd3 Bc5 20. Bxc5 Qxc5 21. f5 exf5 22. Rxf5 g6 23. Rff1 Ng7 24. a4 Rb8 25. axb5 axb5 26. Ra6 Rb7 27. Rd6 Re7 28. b4 Qd4 29. c3 Qxc3 30. Rxd5 Qxb4 31. Rxb5 Qd4 32. Bc2 Qc4 33. Bd3 Qc3 34. Rd5 Rfe8 35. Qf3 Qc7 36. Bb5 Rd8 37. Bc6 Rf8 38. Rb5 Qc8 39. Rb7 Rxb7 40. Bxb7 Qc7 41. Bd5 Qe7 42. Qb3 1/2-1/2

[Event "Mercosur ol 1st"]
[Site "Mar del Plata"]
[Date "2009.06.25"]
[Round "6"]
[White "Robledo, Manuel"]
[Black "Valerga, Diego"]
[Result "0-1"]
[WhiteElo "2244"]
[BlackElo "2523"]
[PlyCount "84"]
[EventDate "2009.06.20"]
[EventType "team-tourn"]
[EventRounds "7"]
[EventCountry "ARG"]
[SourceTitle "CBM 131 Extra"]
[Source "ChessBase"]
[SourceDate "2009.09.03"]
[SourceVersion "2"]
[SourceVersionDate "2009.09.16"]
[SourceQuality "1"]

1. d4 Nf6 2. c4 g6 3. Nc3 d5 4. cxd5 Nxd5 5. e4 Nxc3 6. bxc3 Bg7 7. Nf3 c5 8. Rb1 0-0 9. Be2 b6 10. 0-0 Bb7 11. Qd3 e6 12. Rd1 Qc7 13. Bg5 Nd7 14. Qe3 Rae8 15. Bb5 Bc6 16. Bxc6 Qxc6 17. Bh6 Nf6 18. Bxg7 Kxg7 19. Re1 Rc8 20. h4 Rfd8 21. Qf4 Qc7 22. Qg5 h6 23. Qd2 Qb7 24. e5 Nd5 25. h5 cxd4 26. cxd4 g5 27. Rb3 Qe7 28. Rc1 Rxc1+ 29. Qxc1 Nf4 30. Qa3 Qxa3 31. Rxa3 a5 32. g3 Ne2+ 33. Kg2 Nxd4 34. Rd3 Nc6 35. Rc3 Nb4 36. a4 g4 37. Nh2 Rd4 38. f4 gxf3+ 39. Nxf3 Nd5 40. Ra3 Rc4 41. Kf2 Rc2+ 42. Kg1 Rc3 0-1

[Event "Callao op"]
[Site "Callao"]
[Date "2007.08.14"]
[Round "9"]
[White "Sanz Alonso, Francisco Javier"]
[Black "Robledo, Manuel"]
[Result "0-1"]
[WhiteElo "2409"]
[BlackElo "2226"]
[PlyCount "92"]
[EventDate "2007.08.08"]
[EventType "swiss"]
[EventRounds "9"]
[EventCountry "PER"]
[SourceTitle "CBM 119 Extra"]
[Source "ChessBase"]
[SourceDate "2007.09.04"]
[SourceVersion "1"]
[SourceVersionDate "2007.09.04"]
[SourceQuality "1"]

1. e4 c5 2. Nf3 d6 3. d4 cxd4 4. Nxd4 Nf6 5. Nc3 a6 6. Be2 e6 7. 0-0 Be7 8. Be3 0-0 9. f4 Nc6 10. Qe1 Nxd4 11. Bxd4 b5 12. Rd1 Bb7 13. Bf3 Qc7 14. Qg3 b4 15. Na4 d5 16. exd5 Bxd5 17. Bxd5 exd5 18. Kh1 Qc6 19. b3 Rad8 20. c3 g6 21. cxb4 Bxb4 22. f5 Ne4 23. Qh3 Be7 24. Rc1 Qd6 25. Nc5 Rc8 26. b4 Bf6 27. Bxf6 Nxf6 28. Rcd1 a5 29. a3 axb4 30. axb4 Rb8 31. Qh4 Kg7 32. Rf3 Rfe8 33. fxg6 fxg6 34. Rdf1 Nh5 35. Qd4+ Kg8 36. g4 Re2 37. R1f2 Rxf2 38. Rxf2 Ng7 39. Ne4 Qxb4 40. Qxd5+ Kh8 41. Ng5 h6 42. Nf7+ Kh7 43. h3 Qe1+ 44. Kg2 Rb1 45. Qd8 Qh1+ 46. Kg3 Rb3+ 0-1

[Event "PER-ch sf"]
[Site "Lima"]
[Date "1998.??.??"]
[Round "3"]
[White "Quinones, Cesar Luis"]
[Black "Robledo, Manuel"]
[Result "1-0"]
[WhiteElo "2050"]
[BlackElo "2195"]
[PlyCount "85"]
[EventDate "1998.??.??"]
[EventType "swiss"]
[EventRounds "11"]
[EventCountry "PER"]
[SourceTitle "EXT 2000"]
[Source "ChessBase"]
[SourceDate "1999.11.16"]
[SourceVersion "1"]
[SourceVersionDate "1999.11.16"]
[SourceQuality "1"]

1. e4 c5 2. Nf3 d6 3. d4 cxd4 4. Nxd4 Nf6 5. Nc3 a6 6. f4 e5 7. Nf3 Nbd7 8. a4 Be7 9. Bd3 0-0 10. 0-0 Nc5 11. Kh1 exf4 12. Bxf4 Be6 13. b4 Nxd3 14. cxd3 d5 15. e5 Nh5 16. Bd2 Bxb4 17. Ng5 g6 18. Nxe6 fxe6 19. Qg4 Qa5 20. Qxe6+ Kh8 21. Bh6 Rfe8 22. Qf7 Bxc3 23. Rab1 b5 24. g4 Bd2 25. Bxd2 Qxd2 26. gxh5 Qh6 27. Qf6+ Qg7 28. d4 Rf8 29. Qxg7+ Kxg7 30. Rxf8 Kxf8 31. axb5 Rb8 32. Rf1+ Ke7 33. bxa6 Ra8 34. Ra1 Ra7 35. hxg6 hxg6 36. Kg2 Ke6 37. Kg3 Kf5 38. Kf3 g5 39. h3 Kg6 40. Kg4 Kh6 41. Kf5 Kh5 42. Ke6 Kh4 43. Ra3 1-0

[Event "PER-ch sf"]
[Site "Lima"]
[Date "1998.??.??"]
[Round "4"]
[White "Robledo, Manuel"]
[Black "Carbajal, Augusto"]
[Result "1/2-1/2"]
[WhiteElo "2195"]
[BlackElo "2200"]
[PlyCount "144"]
[EventDate "1998.??.??"]
[EventType "swiss"]
[EventRounds "11"]
[EventCountry "PER"]
[SourceTitle "EXT 2000"]
[Source "ChessBase"]
[SourceDate "1999.11.16"]
[SourceVersion "1"]
[SourceVersionDate "1999.11.16"]
[SourceQuality "1"]

1. d4 Nf6 2. c4 e6 3. Nc3 Bb4 4. Qc2 c5 5. dxc5 0-0 6. Nf3 Na6 7. a3 Bxc3+ 8. Qxc3 Nxc5 9. Bf4 d5 10. e3 b6 11. Be2 Bb7 12. 0-0 Rc8 13. Rfd1 Qe7 14. Qb4 Rfd8 15. Bg5 dxc4 16. Bxc4 h6 17. Bh4 g5 18. Bg3 Nfe4 19. Rac1 h5 20. Be5 Kh7 21. b3 g4 22. Nd4 Rg8 23. Ne2 h4 24. Bd3 a5 25. Bxe4+ Bxe4 26. Qxb6 Nd3 27. Rc7 Rxc7 28. Qxc7 Qxc7 29. Bxc7 Ra8 30. Nc3 Bg6 31. Na4 Ra7 32. Bb6 Ra6 33. Bc7 Ra7 34. Bd8 Ra8 35. Bb6 Ra6 36. Bd4 Rc6 37. Bc3 Nc5 38. Bxa5 Nxa4 39. bxa4 Ra6 40. Bb4 Rxa4 41. Rd4 Bf5 42. h3 e5 43. Rc4 Be6 44. Rc5 gxh3 45. gxh3 Bxh3 46. Rxe5 Kg6 47. Re4 Kh5 48. Re8 Be6 49. Rh8+ Kg4 50. Kg2 Bd5+ 51. Kh2 Be6 52. Be7 Kf3 53. Rxh4 Rxh4+ 54. Bxh4 Bd7 55. Kg1 Bb5 56. Bf6 Ke4 57. Kg2 Kd5 58. Kf3 Kc6 59. Ke4 Bc4 60. Kd4 Be6 61. e4 Kb7 62. Kc5 Bb3 63. f4 Bc2 64. Kd4 Bb3 65. Bd8 Ba2 66. a4 Bb1 67. a5 Ka8 68. Bb6 Kb7 69. f5 Bc2 70. Ke5 Ka8 71. Kf4 Kb7 72. e5 Bb3 1/2-1/2